Wiedza o scenie e-sportowej CS:GO - Statystyki

Ogólne statystyki
  • Ten quiz został rozwiązany 195 razy
  • Średni wynik to 3 z 5
Statystyki odpowiedzi
Zagadnienie Odpowiedź % Poprawnych
Zaznacz stary squad virtus.pro (2013-2015) Neo TaZ Snax pashabiceps byali
100%
Jaki Polski team wygrał iem w 2014 Virtus.pro
100%
Zaznacz drużynę w której gra Snax (18.03.2021) Anonymo
40%
Aktualny zwycięzca IEM'U (IEM 2020) Natus Vincere (tzn. NaVi')
40%
Zaznacz aktualny squad dignitas (18.03.2021) f0rest friberg hallzerk HEAP Lekr0
10%
Nie znaleziono quizów pasujących do podanych kryteriów
Rozkład punktacji
Procent ludzi z każdym wynikiem
Percentyl według liczby udzielonych odpowiedzi
Twoja historia wyników
Nie rozwiązałeś tego quizu